000 01777nam0a2200373 4500
001 RU\NLR\BIBL_A\022598399
005 20260420051832.0
010 _a978-5-91976-291-1
_9150
021 _aRU
_bКН-П-25-034696
_9КН-П-25-3424
035 _a(NLR Aleph) 022598399
090 _a13680934
_c13680934
100 _a20250808d2025 u y0rusy50 ca
101 0 _arus
102 _aRU
105 _aa|||z|||000yy
181 0 _ai3
_baxxe
182 0 _an
200 1 _aСистемные изменения в благотворительных организациях
_eдайджест, июнь, 2024 г.
_fКузьмин Алексей
_gБлаготворительный фонд Владимира Потанина
203 _aТекст
_bвизуальный
_cнепосредственный
210 _aМосква
_cДПК Пресс
_d2025
215 _a59 с.
_cцв. ил., табл.
_d30
225 1 _aЦентр развития филантропии
300 _aАвт. указан на обороте тит. с.
320 _aБиблиогр.: с. 54-57
606 1 _aНекоммерческие организации
_xУправление
_yРоссийская Федерация
_92430437
_3RU\NLR\AUTH\661446676
686 1 _aУ21(2)91(2Р)
686 1 _aУ27(2)2(2Р)
700 1 _7ca
_8rus
_aКузьмин
_bА. И.
_cканд. психол. наук
_gАлексей Иосифович
_915060
_3RU\NLR\AUTH\7732050
712 0 2 _4570
_aБлаготворительный фонд В. Потанина
_cМосква
_9672041
_3RU\NLR\AUTH\8810085021
942 _cBOOK
980 _aNB